<?xml version="1.0" encoding="UTF-8"?>
<collection xmlns="http://www.loc.gov/MARC21/slim">
 <record>
  <leader>01520nam a22001811  4500</leader>
  <controlfield tag="001">1/17757</controlfield>
  <controlfield tag="008">010917s1980    gr              1   gre d</controlfield>
  <datafield tag="035" ind1=" " ind2=" ">
   <subfield code="l">18282</subfield>
  </datafield>
  <datafield tag="040" ind1=" " ind2=" ">
   <subfield code="a">GR-PeUP</subfield>
  </datafield>
  <datafield tag="082" ind1="0" ind2="0">
   <subfield code="a">350 ΛΕ</subfield>
  </datafield>
  <datafield tag="100" ind1="1" ind2=" ">
   <subfield code="a">Λεοντάρης, Μιλτιάδης Κ.</subfield>
  </datafield>
  <datafield tag="245" ind1="1" ind2="0">
   <subfield code="a">Οργάνωσις διοικητικών υπηρεσιών:</subfield>
   <subfield code="b">αρχαί, μεθοδοι και συστήματα οργανώσεως, ο οργανωτής και το έργον του, υπηρεσία οργανώσεως, οργανόγραμμα επιχειρήσεως, διοίκησις επιχειρήσεως, ειδικοί σύμβουλοι επιχειρήσεων, καταστατικά και κανονισμοί επιχειρήσεων, διαχείρισις και έλεγχος επιχειρήσεων, γραμματεία, πρωτόκολλον, αρχείον, προσωπικόν και αξιολόγησις αυτού, διόίκησις της εργασίας, δημόσιαι σχέσεις /</subfield>
   <subfield code="c">Μιλτιάδου Κ. Λεοντάρη</subfield>
  </datafield>
  <datafield tag="260" ind1=" " ind2=" ">
   <subfield code="a">Αθήναι:</subfield>
   <subfield code="b">Πάμισος,</subfield>
   <subfield code="c">1980</subfield>
  </datafield>
  <datafield tag="300" ind1=" " ind2=" ">
   <subfield code="a">359 σ.:</subfield>
   <subfield code="c">24 εκ.</subfield>
  </datafield>
  <datafield tag="490" ind1="1" ind2=" ">
   <subfield code="a">Βιβλιοθήκη Οικονομικών Επιστημών ;</subfield>
  </datafield>
  <datafield tag="650" ind1=" " ind2="4">
   <subfield code="a">Διοίκηση και οργάνωση.</subfield>
  </datafield>
  <datafield tag="830" ind1=" " ind2="0">
   <subfield code="a">Βιβλιοθήκη Οικονομικών Επιστημών ;</subfield>
   <subfield code="v">10.</subfield>
  </datafield>
  <datafield tag="852" ind1=" " ind2=" ">
   <subfield code="a">INST</subfield>
   <subfield code="b">UNIPILB</subfield>
   <subfield code="c">MAIN</subfield>
   <subfield code="e">20040709</subfield>
   <subfield code="h">350 ΛΕ</subfield>
   <subfield code="p">00136982</subfield>
   <subfield code="q">00136982</subfield>
   <subfield code="t">LOAN</subfield>
   <subfield code="y">0</subfield>
   <subfield code="4">1</subfield>
  </datafield>
 </record>
</collection>
